Methods of Research and Statistics/ (Record no. 199707)

MARC details
000 -LEADER
fixed length control field 00768nam a22002297a 4500
005 - DATE AND TIME OF LATEST TRANSACTION
control field 20231220114520.0
010 ## - LCCN (DPL NO)
LC control number ENG-138631 ENG-138640
020 ## - INTERNATIONAL STANDARD BOOK NUMBER
International Standard Book Number 9789389740509
Terms of availability 1995.00
020 ## - INTERNATIONAL STANDARD BOOK NUMBER
International Standard Book Number 9789389740493
Terms of availability 795.00
035 ## - SYSTEM CONTROL NUMBER
System control number EN-122163
035 ## - SYSTEM CONTROL NUMBER
System control number EN-122172
037 ## - SOURCE OF ACQUISITION
Source of stock number/acquisition DBAD/PUB
082 ## - DEWEY DECIMAL CLASSIFICATION NUMBER
Classification number 519.507
Edition number 1
100 ## - MAIN ENTRY--PERSONAL NAME
Personal name Sagar, J.Vidya
245 ## - TITLE STATEMENT
Title Methods of Research and Statistics/
Statement of responsibility, etc By J.Vidya Sagar
250 ## - EDITION STATEMENT
Edition statement 1
260 ## - PUBLICATION, DISTRIBUTION, ETC. (IMPRINT)
Place of publication, distribution, etc New Delhi
Name of publisher, distributor, etc Neelkamal Publications Pvt. Ltd
Date of publication, distribution, etc 2020
270 ## - ADDRESS
Address 4761/1, 23, Ansari Road, Daryaganj
City New Delhi
Postal code 110002
Electronic mail address neelkamalbooks@gmail.com
Telephone number 011-23244237
-- 9811828953
300 ## - PHYSICAL DESCRIPTION
Extent xxi+512p.
Other physical details Index
Dimensions 24cm(pbk)
300 ## - PHYSICAL DESCRIPTION
Extent xxi+512p.
Other physical details Index
Dimensions 25cm(hbk)
942 ## - ADDED ENTRY ELEMENTS (KOHA)
Source of classification or shelving scheme Dewey Decimal Classification
Item type English Books
Classification part 519.509
Call number suffix SAG
Edition 1
Holdings
Withdrawn status Lost status Not for loan Collection code Home library Current library Date acquired Source of acquisition Cost, normal purchase price Full call number Barcode Copy number Cost, replacement price Koha item type
      Non-fiction Central Library Central Library 20/12/2023 DBAD 1995.00 519.509 SAG EN-122163 1 1995.00 English Books
      Non-fiction Sarojini Nagar Sarojini Nagar 20/12/2023 DBAD/PUB 795.00 519.509 SAG EN-122172 1 795.00 English Books

© Delhi Public Library
Hit Counter
free hit counter